| 000 | 00827nam a22002057a 4500 | ||
|---|---|---|---|
| 003 | UPN | ||
| 005 | 20250924063932.0 | ||
| 008 | 250811s2000 ja|cd||frrsu|i101 0 eng d | ||
| 040 |
_aMX-MxUPN _bspa _cMX-MxUPN |
||
| 041 | _aeng | ||
| 050 |
_aHD452 A64 _b2002 |
||
| 111 |
_aAPEC Forum on Human Resources Development _c(Chiba, Japan) _d10 - 12 december 2021 : _957294 |
||
| 245 | _aAPEC Forum on Human Resources Development 2001 on HRD in response to advancement of information technology | ||
| 260 |
_aChiba, Japón : _bMinistry od Health, Labour and Welfare, _bOverseas Vocational Training Association, _c2002 |
||
| 300 | _a186 páginas | ||
| 650 | 4 |
_aCooperación Asia-Pacífico _956552 |
|
| 650 | 4 |
_aTecnologías de la información y comunicación _921219 |
|
| 902 | _aMaiella Martínez / 11082025 | ||
| 942 |
_2lcc _cLIBRO _n0 |
||
| 999 |
_c213709 _d213709 |
||